Teoría del tipo penal: tipos abiertos y elementos del deber jurídico
Enregistré dans:
| Auteur principal: | |
|---|---|
| Format: | Livre |
| Langue: | espagnol |
| Publié: |
Buenos Aires
Depalma
1979
|
| Collection: | Pensamiento Jurídico Alemán Contemporáneo
|
| Sujets: | |
| Tags: |
Ajouter un tag
Pas de tags, Soyez le premier à ajouter un tag!
|
MARC
| LEADER | 00000nam a2200000 a 4500 | ||
|---|---|---|---|
| 001 | UCV2640 | ||
| 003 | CL-VaPUC | ||
| 008 | 920929e19790000AG |||||||||||||||||spa|d | ||
| 082 | 0 | 4 | |a 345 |b ROX |2 21 |
| 100 | 0 | |a Roxin, Claus |e author |9 351 | |
| 245 | 1 | 0 | |a Teoría del tipo penal: tipos abiertos y elementos del deber jurídico |
| 300 | |a 303 p | ||
| 942 | |c BK | ||
| 945 | |d 19920929 00:00:00 | ||
| 260 | |a Buenos Aires |b Depalma |c 1979 | ||
| 650 | 7 | |a TIPICIDAD |2 CL-VaPUC |9 258099 | |
| 650 | 0 | |a Responsabilidad penal |9 254899 | |
| 583 | |a last modification |c 20130125 06:22:36 |k Rodrigo Vera | ||
| 490 | 0 | |a Pensamiento Jurídico Alemán Contemporáneo | |
| 999 | |c 210151 |d 210149 | ||
| 952 | |0 0 |1 0 |4 0 |6 345_000000000000000_ROX_1979 |7 0 |8 A |9 186195 |a BIBDER |b BIBDER |d 2019-11-14 |i 2536714 |l 1 |o 345 ROX 1979 |p 2536714 |r 2023-01-25 |s 2022-06-24 |w 2019-11-14 |y BK |k DER | ||